| 000 | 00397nam a2200133Ia 4500 | ||
|---|---|---|---|
| 008 | 200925s9999 xx 000 0 und d | ||
| 020 | _a978-971-23-8650-3 | ||
| 100 | _aCruz, Reil G. | ||
| 245 |
_cReil G. Cruz.-- _aEcotourism / |
||
| 250 | _aFirst ed. | ||
| 260 |
_aManila : _bRex Book Store, Inc. _c2017 |
||
| 300 |
_ax , 172 pages : _billustrations ; _c25 cm. |
||
| 650 | _aEcotourism -- management | ||
| 999 |
_c364506 _d364506 |
||